| 000 | 00828nam a22001457a 4500 | ||
|---|---|---|---|
| 020 | _a978-1-4088-5567-6 | ||
| 082 |
_a823 _bROW/H |
||
| 100 | _aROWLING, J K | ||
| 245 |
_aHARRY POTTER _bAND THE PRISONER OF AZKABAN |
||
| 260 |
_aLONDON _bBLOOMSBURY _c2014 |
||
| 300 | _a462 | ||
| 520 | _aHarry Potter's (Daniel Radcliffe) third year at Hogwarts starts off badly when he learns deranged killer Sirius Black (Gary Oldman) has escaped from Azkaban prison and is bent on murdering the teenage wizard. While Hermione's (Emma Watson) cat torments Ron's (Rupert Grint) sickly rat, causing a rift among the trio, a swarm of nasty Dementors is sent to protect the school from Black. A mysterious new teacher helps Harry learn to defend himself, but what is his secret tie to Sirius Black? | ||
| 650 |
_aNOVEL _zUNITED KINGDOM |
||
| 942 | _cBK | ||
| 999 |
_c3874 _d3874 |
||